00484nam a2200181Ia 4500003000400000008004100004040001600045082001700061100001700078245006700095260006300162300000700225650002400232650001100256650001000267650001200277650001300289GCL140319s9999 xx 000 0 eng d aGCL / cGCL04a910.202bP L1 aPORTMAN, IAN10aLOXOUR GUIDE DES TEMPLES A TOMBEAUX DE THEBAS / cPORTMAN, IAN a[S.N] : bTHE AMERICAN UNIVERSITY IN CAIRO PRESS ، c1989 a9604aWORLD TRAVEL GUIDES04aLOUXOR04aEGYPT04aTEMPLES04aTOMBEAUX